000 00701nam a22001937a 4500
010 _a1718CH-EN
020 _a9780143427759
_c250.00
035 _aB-673260-273
037 _aDPL
_bBSB
082 _aS
100 _aMahtani, Nayanika
245 _aThe gory story of Genghis Khan:
_cby Nayanika Mahtani; illustrated by Tapas Guha
260 _aGurgaon
_bPuffin Book
_c2016
270 _a7th Floor, Infinity Tower C, DLF Cyber City,
_bGurgaon
_e122002
300 _a187p.
_c19cm(pbk)
700 _aGuha, Tapas
942 _2ddc
_cCH
_mMAH
_hS
999 _c141674
_d141674